|
|
|
|
| LEADER |
00000nam a2200000Ii 4500 |
| 001 |
DIGUNAU0105 |
| 003 |
NyNyDIG |
| 008 |
221101s2013 ck ob 100 0 spa d |
| 006 |
m o d |
| 007 |
cr ||||||||||| |
| 035 |
|
|
|a (OCoLC)1283853219
|
| 040 |
|
|
|a DGITA
|b eng
|e rda
|e pn
|c DGITA
|
| 043 |
|
|
|a cl-----
|
| 020 |
|
|
|z 9789588366678
|
| 050 |
1 |
4 |
|a K5519 ebook
|
| 245 |
0 |
0 |
|a Delito y tratamiento penitenciario en el contexto de los derechos humanos /
|c Elkin Eduardo Gallego Giraldo y Juan David Posada Segura (coordinadores) ; Sergio García Ramirez (prólogo)
|
| 264 |
|
1 |
|a [Medellín, Colombia] :
|b Ediciones Unaula :
|b ICDH, Instituto Colombiano de Derechos Humanos,
|c [2013]
|
| 300 |
|
|
|a 1 online resource.
|
| 336 |
|
|
|a text
|b txt
|2 rdacontent
|
| 337 |
|
|
|a computer
|b c
|2 rdamedia
|
| 338 |
|
|
|a online resource
|b cr
|2 rdacarrier
|
| 347 |
|
|
|a text file
|2 rdaft
|
| 347 |
|
|
|b PDF
|
| 490 |
1 |
|
|a Serie pensamiento latinoamericano
|
| 504 |
|
|
|a Includes bibliographical references.
|
| 588 |
0 |
|
|a Online resource; title from PDF title page (Digitalia, viewed November 1, 2022)
|
| 650 |
|
0 |
|a Prisoners
|x Civil rights
|z Latin America
|v Congresses.
|
| 650 |
|
0 |
|a Prisoners
|x Legal status, laws, etc.
|z Latin America
|v Congresses.
|
| 650 |
|
0 |
|a Sentences (Criminal procedure)
|z Latin America
|v Congresses.
|
| 655 |
|
0 |
|a Electronic books.
|
| 700 |
1 |
|
|a Gallego Giraldo, Elkin Eduardo,
|e editor.
|
| 700 |
1 |
|
|a Posada Segura, Juan David,
|e editor.
|
| 700 |
1 |
|
|a García Ramírez, Sergio,
|e contributor agent of text.
|
| 711 |
2 |
|
|a Congreso Internacional de Prevención del Delito y Tratamiento a Personas Privadas de la Libertad
|n (1st :
|d 2011 :
|c Medellín, Colombia)
|
| 791 |
2 |
|
|a Digitalia (Firm),
|e distributor.
|
| 793 |
0 |
|
|g Digitalia eBook Collection:
|a Ediciones UNAULA.
|
| 776 |
0 |
8 |
|i Print version:
|t Delito y tratamiento penitenciario en el contexto de los derechos humanos.
|b Primera edición.
|d [Medellín, Colombia] : Ediciones Unaula : Instituto Colombiano de Derechos Humanos, [2013]
|z 9789588366678
|
| 830 |
|
0 |
|a Pensamiento latinoamericano (Medellín, Colombia)
|
| 856 |
4 |
0 |
|3 Digitalia Hispánica
|u https://www.digitaliapublishing.com/a/19829/
|
| 910 |
|
|
|a Premium collection: 2022
|